Food and beverage service / (Record no. 153163)

MARC details
000 -LEADER
fixed length control field 00567nam a22001937a 4500
005 - DATE AND TIME OF LATEST TRANSACTION
control field 20180627155546.0
010 ## - LCCN (DPL NO)
LC control number ENG-123324
020 ## - INTERNATIONAL STANDARD BOOK NUMBER
Terms of availability 1200.00
International Standard Book Number 9789381284452
035 ## - SYSTEM CONTROL NUMBER
System control number EN-106856
037 ## - SOURCE OF ACQUISITION
Source of stock number/acquisition DBAD/PUB
082 ## - DEWEY DECIMAL CLASSIFICATION NUMBER
Classification number 642
100 ## - MAIN ENTRY--PERSONAL NAME
Personal name Gurminder Preet Singh
245 ## - TITLE STATEMENT
Title Food and beverage service /
Statement of responsibility, etc by Gurminder Preet Singh
260 ## - PUBLICATION, DISTRIBUTION, ETC. (IMPRINT)
Place of publication, distribution, etc New Delhi
Name of publisher, distributor, etc Rishabh Books
Date of publication, distribution, etc 2016
270 ## - ADDRESS
Address 4575/15,,Ansari Road,Daryaganj,
City New Delhi
Postal code 110002
300 ## - PHYSICAL DESCRIPTION
Extent 283p.
Dimensions 22cm(Hb)
500 ## - GENERAL NOTE
General note It includes index
942 ## - ADDED ENTRY ELEMENTS (KOHA)
Source of classification or shelving scheme Dewey Decimal Classification
Item type English Books
Call number suffix GUR
Classification part 642
Holdings
Withdrawn status Lost status Not for loan Collection code Home library Current library Date acquired Source of acquisition Cost, normal purchase price Full call number Barcode Copy number Cost, replacement price Koha item type
    Not For Loan Non-fiction D.B.Act.Division Central Library 27/06/2018 DBAD/PUB 1200.00 642 GUR EN-106856 1 1200.00 English Books

© Delhi Public Library
Hit Counter
free hit counter